E-governance: Concepts and case studies (Record no. 1480)
[ view plain ]
| 000 -LEADER | |
|---|---|
| fixed length control field | 00342nam a2200133Ia 4500 |
| 008 - FIXED-LENGTH DATA ELEMENTS--GENERAL INFORMATION | |
| fixed length control field | 130318s9999 xx 000 0 und d |
| 020 ## - INTERNATIONAL STANDARD BOOK NUMBER | |
| International Standard Book Number | 8120326474 |
| 082 ## - DEWEY DECIMAL CLASSIFICATION NUMBER | |
| Classification number | 351 PRA/E |
| 100 ## - MAIN ENTRY--PERSONAL NAME | |
| Personal name | Prabhu, C.S.R |
| 245 ## - TITLE STATEMENT | |
| Title | E-governance: Concepts and case studies |
| 260 ## - PUBLICATION, DISTRIBUTION, ETC. | |
| Name of publisher, distributor, etc. | Prentice Hall |
| Place of publication, distribution, etc. | New Delhi |
| Date of publication, distribution, etc. | 2004 |
| 300 ## - PHYSICAL DESCRIPTION | |
| Extent | 247 |
| 650 ## - SUBJECT ADDED ENTRY--TOPICAL TERM | |
| Topical term or geographic name entry element | E-GOVERNANCE |
| Withdrawn status | Lost status | Damaged status | Not for loan | Collection code | Home library | Current library | Shelving location | Date acquired | Cost, normal purchase price | Total Checkouts | Full call number | Barcode | Date last seen | Date last checked out | Price effective from | Koha item type |
|---|---|---|---|---|---|---|---|---|---|---|---|---|---|---|---|---|
| E-Governance | Kerala University of Digital Sciences, Innovation and Technology Knowledge Centre | Kerala University of Digital Sciences, Innovation and Technology Knowledge Centre | Economics | 18/03/2013 | 251.00 | 5 | 351 PRA/E | 1487 | 13/04/2026 | 01/01/2026 | 18/03/2013 | Books |